| 000 | 01400cam a2200241 4500 | ||
|---|---|---|---|
| 001 | ABS64493 | ||
| 008 | 010926n2001 000 0 eng u | ||
| 035 | _a(Sirsi) u114827 | ||
| 100 | _aNorwood, G. | ||
| 245 | _aLinking warehouse storage space seekers and suppliers | ||
| 260 | _c2001 | ||
| 490 |
_aEstates Gazette _v(0138) 22 September 2001, 176-177(2) |
||
| 520 | _aLooks at the new service offered by Spacebuster.com, which is due to be launched in September 2001. The company's aim is to provide a web-based facility that brings together warehouse storage space seekers and suppliers. At present there is much idle warehousing around the UK, as there is no recognised medium for identifying space availability across the country, as well as no uniform market rate. When it goes live, Spacebuster.com will be the internet's first warehouse space space online service. Space suppliers will have a unique password enabling them to access their section of the site, which they will be expected to keep up to date. Space seekers will be able to search, view and select properties according to criteria such as location, cost and space size. | ||
| 590 | _aABS | ||
| 650 | _aSPACEBUSTER.COM | ||
| 650 | _aWAREHOUSE MARKET | ||
| 650 | _aWAREHOUSE SPACE | ||
| 650 | _aSUPPLIERS | ||
| 650 | _aINTERNET | ||
| 650 | _aEBUSINESS | ||
| 690 | _aPROPERTY-COMMERCIAL PROPERTY | ||
| 942 | _n0 | ||
| 999 |
_c68359 _d68359 |
||